Vista normal Vista MARC

Entrada Materia (personas)

Número de registros utilizados en: 2

001 - CONTROL NUMBER

  • control field: 174079

003 - CONTROL NUMBER IDENTIFIER

  • control field: Co-BoUCM

005 - DATE AND TIME OF LATEST TRANSACTION

  • control field: 20220404153135.0

008 - FIXED-LENGTH DATA ELEMENTS

  • fixed length control field: 220404|| aca||aabn | a|a d

040 ## - CATALOGING SOURCE

  • Original cataloging agency: Co-BoUCM
  • Transcribing agency: Co-BoUCM

100 ## - HEADING--PERSONAL NAME

  • Personal name: Bendandi, Luca

670 ## - SOURCE DATA FOUND

  • Source citation: Work cat.: (Co-BoUCM): 174059 Komurki, John Z, Risografía, 2018